000 00555nam a22001697a 4500
005 20140313100411.0
008 140110b xxu||||| |||| 00| 0 eng d
020 _a9780415655286
050 _aHM 1106
_b.In61 2012
245 _aInterpersonal sensitivity :
_btheory and measurement /
_cedited by Judith A. Hall, Frank J. Bernieri.
260 _a[S.L] :
_bPsychology Pr,
_c2012.
300 _axiv, 378 p. :
_bill. ;
_c24 cm.
504 _aIncludes Bibliographic References and Index.
521 _aPSYCH
942 _2lcc
_cBK
_kFOR
999 _c26025
_d26025